Normal view
MARC view
- الطويسي، عادل ... وآخرون؛ مراجعة وتقديم تيسير أبو عرجة
Entry Personal Name
001 - CONTROL NUMBER
- control field: 46264
003 - CONTROL NUMBER IDENTIFIER
- control field: JO-AjAnu
005 - DATE AND TIME OF LATEST TRANSACTION
- control field: 20230606081639.0
008 - FIXED-LENGTH DATA ELEMENTS
- fixed length control field: 230606|| aca||aabn | a|a d
040 ## - CATALOGING SOURCE
- Original cataloging agency: JO-AjAnu
- Transcribing agency: JO-AjAnu
100 ## - HEADING--PERSONAL NAME
- Personal name: الطويسي، عادل ... وآخرون؛ مراجعة وتقديم تيسير أبو عرجة
670 ## - SOURCE DATA FOUND
- Source citation: Work cat.: (JO-AjAnu)23681: الطويسي، عادل ... وآخرون؛ مراجعة وتقديم تيسير أبو عرجة, author, الشباب وعالم متغير